Регионална библиотека "Любен Каравелов" - Русе

Забавна книжка за сезоните (Запис номер 136260)

MARC детайли
000 -Лидер
Контролно поле с фиксирана дължина 01552nam a2200361 c 4500
003 - Код на организацията, давaща контролен номер
Контролно поле BLK
005 - Дата и час на последна редакция
Контролно поле 20180422111946.0
008 - Елементи от данни с фиксирана дължина
fixed length control field 180409b bul|||||r ||||||| ||bul||
010 ## - Наследен системен номер
LC control number KNG00142200000
020 ## - Международен стандартен номер на книга ISBN
Международен стандартен номер на книга ISBN 978-954-26-0973-5
-- издат.: Хермес
040 ## - Източник на каталожния запис
Идентификатор на билиотеката - собственик на записа BLK
041 ## - Код за език
Код за езика на текст/звукозапис или на отделно заглавие Български
Код за езика КДБФ Български
072 #7 - Код за тематичната категория
Код организация bullib
Код за тематична категория Н85
Текст Детска художествена литература Н
080 ## - УДК
Текстов определител УДК Литература на отделни езици и езикови семейства
УДК код - определител по УДК 821
УДК определител -93-91
УДК - код + определител 821-93-91
080 ## - УДК
Текстов определител УДК Издания за деца и юноши. Книжки-картинки. Читанки. Вж и 372.4
УДК код - определител по УДК 087.5
УДК определител
УДК - код + определител 087.5
139 ## - Редно поле
Редна дума Забавна книжка за сезоните
Авторски знак Заб - З 12
245 10 - Сведения за заглавието
Заглавие Забавна книжка за сезоните
Подзаглавни данни Лято
Редно поле (дума) прев. от англ. Ивелина Божидарова Балтова.
257 ## - Страна на издаване
Страна на създаване/издаване Индия
260 ## - Област на издателските данни
-- Пловдив
Име на издателя, разпространителя и проч. Хермес
Година на издаване 2011
Печатница Отпеч. в Индия
300 ## - Физическа характеристика
Страници 8 с.
Илюстрации и др. с цв. ил.
Размери/Мащаб 27 см
Съпровождащи материали 2 л. цв. стикери
380 ## - Жанр
Жанр Детска худож. лит.
500 ## - Общи забележки
Забележка Ориг. загл. Fun With Seasons. - Кор. опис.
653 ## - Ключова дума – ненормативна
Ключова дума книжки-картинки
653 ## - Ключова дума – ненормативна
Ключова дума адаптирани книги
653 ## - Ключова дума – ненормативна
Ключова дума книги-игри
659 ## - Тематичен бюлетин
Тематичен бюлетин Н
700 1# - Други автори (авторска отговорност)
Лично име Балтова, Ивелина Божидарова
Автороска отговорност (Описва отношението между автора и произведението) прев. от англ.
9 (RLIN) 370230
852 ## - Местоположение
Форматна сигнатура Цб ІІ 17836
856 4# - Електронен адрес и достъп
Електронен формат pdf - файл
Път до файла /url/
856 4# - Електронен адрес и достъп
Електронен формат pdf - файл
Път до файла /url/
942 ## - АРТИКУЛИ
Вид на библиотечния материал Книги
Скрит в OPAC Не
944 ## - СЪЗДАВАНЕ И РЕДАКЦИЯ на ЗАПИСА
Създаване/Редакция Създаване
Дата на регистрацията/редакция 18.04.2013
Служител, извършил регистрацията/редакцията Милена_Ачева
944 ## - СЪЗДАВАНЕ И РЕДАКЦИЯ на ЗАПИСА
Създаване/Редакция Редакция
Дата на регистрацията/редакция 26.09.2013
Служител, извършил регистрацията/редакцията
999 ## - СИСТЕМНИ КОНТРОЛНИ НОМЕРА
Koha biblionumber 136260
Koha biblioitemnumber 136260
Наличности
Код за отписване Код за изгубен артикул Код за повреда Коз за рестрикции Код за отдаване Артикулен № Име на библиотеката - собственик Име на библиотеката, в която се намира в момента Статус (Текущо местоположение) Дата на вписване в системата Местоположение - отдел Цена в лева Инвентарен номер Систематично азбучна сигнатура Баркод Номер на екземпляра Цена в евро Служебна бележка Служебен тип на артикула
  Не е изгубен Не е повреден без рестрикции ползва се в читалня 222682 Регионална библиотека "Любен Каравелов" Русе Регионална библиотека "Любен Каравелов" Русе Хранилище 2013-04-17 Хранилище 2.99 120000765985 Цб ІІ 17836 120000765985 1 1.53 Дост: Dp Вид: Д N: 3 Дата: 23.01.2012 Книги
Vip Innovations Ltd, Rousse, Bulgaria 2025